Mitología zoológica (Record no. 185012)

MARC details
000 -LEADER
campo de control de longitud fija 01060nam a2200289 i 4500
001 - NÚMERO DE CONTROL
campo de control 185012
003 - IDENTIFICADOR DE NÚMERO DE CONTROL
campo de control SpMaBN
005 - FECHA Y HORA DE LA ÚLTIMA TRANSACCIÓN
campo de control 20250913172327.0
008 - DATOS DE LONGITUD FIJA--INFORMACIÓN GENERAL
campo de control de longitud fija 160304s2002 sp f |||| |dspa d
020 ## - NÚMERO INTERNACIONAL ESTÁNDAR DEL LIBRO
Número Internacional Estándar del Libro 84-9716-044-4
080 ## - NÚMERO DE LA CLASIFICACIÓN DECIMAL UNIVERSAL
Número de la Clasificación Decimal Universal 592/599:29
100 1# - ENTRADA PRINCIPAL--NOMBRE DE PERSONA
Nombre de persona De Gubernatis, Angelo.
9 (RLIN) 43054
245 10 - MENCIÓN DEL TÍTULO
Título Mitología zoológica
Resto del título : las leyendas animales.
Número de parte o sección de la obra Tercera parte,
Nombre de parte o sección de la obra Los animales del agua /
Mención de responsabilidad, etc. Angelo de Gubernatis ; traducción de Esteve Serra.
246 30 - FORMA VARIANTE DEL TITULO
Título propio/Titulo breve Mitología zoológica.
Número de parte o sección de la obra III,
Nombre de parte o sección de la obra Los animales del agua
260 ## - PUBLICACIÓN, DISTRIBUCIÓN, ETC.
Lugar de publicación, distribución, etc. Palma de Mallorca :
Nombre del editor, distribuidor, etc. José J. de Olañeta, Editor,
Fecha de publicación, distribución, etc. [2002]
300 ## - DESCRIPCIÓN FÍSICA
Extensión 91 p., [16] p. de lám. ;
Dimensiones 21 cm.
490 1# - MENCIÓN DE SERIE
Mención de serie Alejandría
504 ## - NOTA DE BIBLIOGRAFÍA, ETC.
Nota de bibliografía, etc. Bibliografía: p. 9-10.
650 #7 - PUNTO DE ACCESO ADICIONAL DE MATERIA--TÉRMINO DE MATERIA
Término de materia o nombre geográfico como elemento de entrada Animales-
Subdivisión general Mitología.
9 (RLIN) 158974
650 #7 - PUNTO DE ACCESO ADICIONAL DE MATERIA--TÉRMINO DE MATERIA
Término de materia o nombre geográfico como elemento de entrada Animales fabulosos
Fuente del encabezamiento o término embne
9 (RLIN) 174357
650 #4 - PUNTO DE ACCESO ADICIONAL DE MATERIA--TÉRMINO DE MATERIA
Término de materia o nombre geográfico como elemento de entrada Peces.
9 (RLIN) 146663
700 1# - ENTRADA AGREGADA--NOMBRE PERSONAL
Nombre de persona Serra Arús, Esteve
9 (RLIN) 160366
740 42 - ENTRADA AGREGADA--TÍTULO RELACIONADO/ANALÍTICO NO CONTROLADO
Título relacionado o analítico no controlado Los animales del agua.
830 0# - PUNTO DE ACCESO ADICIONAL DE SERIE-TÍTULO UNIFORME
Título uniforme Alejandría
9 (RLIN) 182646
852 ## - LOCALIZACIÓN
Ubicación ES-MaACL
Número de control de estantería L-30246
Nota libre . - Donat. Miguel A. Velasco
Holdings
Estatus retirado Estado de pérdida Estado de daño No para préstamo Biblioteca de origen Biblioteca actual Ubicación en estantería Fecha de adquisición Fuente de adquisición Total de préstamos Signatura topográfica completa Código de barras Visto por última vez Precio de reemplazo Tipo de ítem Koha
        Biblioteca del Ateneo de Madrid Biblioteca del Ateneo de Madrid Depósito 2 04/03/2016     L-30246 1194872 23/02/2023 23/02/2023 Libro impreso